| 000 | 00000nam##2200000za#4500 |
| 001 | 9.630702 |
| 003 | CaOODSP |
| 005 | 20220328113256 |
| 007 | cr ||||||||||| |
| 008 | 150407|2001||||xxc|||||o f|0| 0 fre|d |
| 020 | |a0-662-85941-3 |
| 040 | |aCaOODSP|bfre |
| 043 | |an-cn--- |
| 086 | 1 |aC2-574/2001F-PDF |
| 110 | 1 |aCanada. |bIndustrie Canada. |
| 245 | 13|aLe nouveau rêve national : |h[ressource électronique]|bréseautage du pays pour l'accès aux services à large bande / |c[par le] Groupe de travail national sur les services à large bande. |
| 246 | 1 |iSur la page de titre : |aRapport du Groupe de travail national sur les services à large bande |
| 260 | |aOttawa - Ontario : |bIndustrie Canada |c[2001]. |
| 300 | |a118p.|bfigures (certaines en couleur), glossaire, graphiques, tableau |
| 500 | |aLe n° de catalogue (C2-574/2001F) et l'ISBN (0-662-85940-5) de l'édition imprimée ont été incorrectement copiés dans l'édition électronique. |
| 504 | |aBibliographie. |
| 590 | |a11-28-Supp|b2011-11-17 |
| 691 | 07|aInternet|2gcpds |
| 691 | 07|aRéseau informatique|2gcpds |
| 691 | 07|aTélécommunications|2gcpds |
| 775 | 08|tThe new national dream : |w(CaOODSP)9.686195 |
| 776 | 0#|tLe nouveau rêve national: résautage du pays pour l'accès aux services à large bande : |w(CaOODSP)9.681529 |
| 856 | 40|ahttp://publications.gc.ca|qPDF|s1.57 Mo|uhttps://publications.gc.ca/collections/Collection/C2-574-2001F.pdf |
| 986 | |a53497 F |